000 00343nam a2200157Ia 4500
100 _aHock/NG Chee
650 _aModelling
942 _cRB
366 _f20
654 _aqueing
245 _aQueing Modelling fundamentals
260 _bJohn Wiley & Sons
_aMumbai
_c1996
082 _a519.82/HOC
_bHOC
300 _a222
546 _aENGLISH
999 _c21969
_d21969